| 000 | 00679nas a2200265 i 4500 | ||
|---|---|---|---|
| 001 | 2739 | ||
| 003 | ES-MaACL | ||
| 005 | 20250802062535.0 | ||
| 007 | t| | ||
| 008 | 000207c1963 xxue| | 0 ||ng d | ||
| 022 | _a0028-7504 | ||
| 080 | _a(73) | ||
| 080 | _a82 | ||
| 080 | _a01 | ||
| 245 | 0 | 4 | _aThe New York review of books. |
| 260 |
_aNew York : _bRea S. Hederman, _c1963- |
||
| 300 |
_a7 v. ; _c37 cm. |
||
| 310 | _aQuincenal (mensual en en., jul., ag., sept. y dic.) | ||
| 362 | 0 | _a1963- | |
| 650 | 7 |
_aLiteratura _2embne _9141583 |
|
| 650 | 4 |
_aBibliografía. _910516 |
|
| 852 |
_aES-MaACL _jHEM-H-313 _xHem-2022 _d |
||
| 866 | 0 | _o2000-2005 | |
| 999 |
_c2739 _d2739 |
||